| 000 | 01123nmm a2200301 a 4500 | ||
|---|---|---|---|
| 001 | ocm0002347415 | ||
| 003 | TR-IsHL | ||
| 005 | 20201028184907.0 | ||
| 008 | 190518s2019 tu tur | ||
| 007 | cr cn | ||
| 020 | _a9786052812600 | ||
| 035 |
_a2347415 _b(N$T) |
||
| 050 | 0 | 4 |
_aT58.64 _b.Ö94 2019 |
| 090 | 0 | 4 |
_aT58.64 _b.Ö94 2019 |
| 100 | 1 | _aÖzdemir, Nihal Fırat | |
| 245 | 1 | 0 |
_aYeni bilginin dolaşım araçları: 17. yüzyılda İngiltere'de yeni bilginin kamusallaşması _h[electronic resource] / _cNihal Fırat Özdemir |
| 260 |
_aİstanbul : _bHiperlink Yayınları, _c2019 |
||
| 300 | _a207 p. | ||
| 500 | _aKaynakça var | ||
| 650 | 4 | _aMühendislik ve Teknoloji | |
| 650 | 4 | _aEngineering and Technology | |
| 650 | 0 | _aBilgi kaynakları yönetimi | |
| 650 | 0 | _aInformation resources management | |
| 650 | 0 |
_aBilgi kaynakları yönetimi _x Büyük Britanya |
|
| 650 | 0 |
_aInformation resources management _x Great Britain |
|
| 650 | 7 |
_aCOMPUTERS / Information Technology _2bisacsh |
|
| 856 | 4 | 0 | _uhttp://search.ebscohost.com/login.aspx?direct=true&scope=site&db=e011xww&AN=2347415 |
| 999 |
_c21212 _d21212 |
||